ဒါဌာဓာတုဝတ္ထု။ (Record no. 21064)
[ view plain ]
| 000 -LEADER | |
|---|---|
| fixed length control field | 00487nam a2200181Ia 4500 |
| 003 - CONTROL NUMBER IDENTIFIER | |
| control field | OSt |
| 005 - DATE AND TIME OF LATEST TRANSACTION | |
| control field | 20250217143123.0 |
| 007 - PHYSICAL DESCRIPTION FIXED FIELD--GENERAL INFORMATION | |
| fixed length control field | ca aa aaaaa |
| 008 - FIXED-LENGTH DATA ELEMENTS--GENERAL INFORMATION | |
| fixed length control field | 201103s9999 xx 000 0 und d |
| 040 ## - CATALOGING SOURCE | |
| Transcribing agency | SSBUL |
| 041 ## - LANGUAGE CODE | |
| Language code of text/sound track or separate title | bur |
| 082 ## - DEWEY DECIMAL CLASSIFICATION NUMBER | |
| Classification number | ၂၉၄.၃၄၃၅၀၉ |
| Item number | ဒါ |
| 245 #0 - TITLE STATEMENT | |
| Title | ဒါဌာဓာတုဝတ္ထု။ |
| 300 ## - PHYSICAL DESCRIPTION | |
| Extent | ဆ၊ ၁၈၄ စာမျက်နှာ ၊ |
| Dimensions | ၂၀ စင်တီ။ |
| 942 ## - ADDED ENTRY ELEMENTS (KOHA) | |
| Koha item type | Books (Long term) |
| Source of classification or shelving scheme | |
| Source of classification or shelving scheme | |
| Source of classification or shelving scheme | |
| Withdrawn status | Lost status | Source of classification or shelving scheme | Damaged status | Not for loan | Collection code | Permanent Location | Current Location | Shelving location | Date acquired | Total Checkouts | Full call number | Barcode | Date last seen | Price effective from | Koha item type | Accession |
|---|---|---|---|---|---|---|---|---|---|---|---|---|---|---|---|---|
| Myanmar Collection | Shan State Buddhist University Library | Shan State Buddhist University Library | Myanmar Shelves | 17/02/2023 | ၂၉၄.၃၄၃၅၀၉ ဒါ ၁၀၅၇ | MB00001057 | 17/02/2023 | 17/02/2023 | Books (Long term) | ၁၀၅၇ |